00639nam a2200181 a 450000100100000000500170001000800410002704000250006808200190009311000390011224500250015126000390017630000280021550000250024361000520026895201220032099900150044200000181220200929145719.0090629s2004 bl a 000 0 spa d aDO-SdBNPbspacBNPHU a027.581bB582b2 aBiblioteca Nacional (Brasil)9588510aBiblioteca Nacional. aSão Paulo :bBanco Safra,c2004. a351 p. :bil. ;c29 cm. aIncluye bibliografia24aBIBLIOTECA NACIONAL (BRASIL)xCATÁLOGOS95886 001052708MOaGRbGRcCTd2009-06-29iLF1l0o027.581 B582bp1812-10r2020-06-25w2020-06-25y2ZPréstamo interno c1689d1689